| 000 | 00851nas a2200265 4500 | ||
|---|---|---|---|
| 001 | BR2010000398 | ||
| 003 | BR-BrBNA | ||
| 005 | 20231205113834.0 | ||
| 007 | ta | ||
| 008 | 230509b bl.|||p| |||| 00| 00por d | ||
| 040 |
_aBR-BrBNA _bpor _cBiblioteca Nacional de Agricultura |
||
| 041 | _a(Pt) | ||
| 072 | _aL73 | ||
| 100 | 1 | _aKondo, K.R.J. | |
| 100 | 1 | _aFonseca, C.C. | |
| 100 | 1 | _aMatta, S.L.P. da | |
| 100 | 1 | _aViloria, M.I.V. | |
| 245 | 1 | _aAnálise histomorfométrica da matriz extracelular do linfonodo popliteo de cães naturalmente infectados por Leishmania (L.)Chagas | |
| 650 | _aCÃO | ||
| 650 | _aLEISHMANIOSE | ||
| 650 | _aINFECÇÃO | ||
| 773 | 0 |
_tPesquisa Veterinária Brasileira (Brazil) _xISSN 0100-736X _g(Aug 2009), v. 29(8) p. 610-616 _wBR2010000398 |
|
| 909 |
_a202311 _bLúcia _c55 _dLúcia Elande |
||
| 942 |
_2AGRIS _n0 _cANA |
||
| 999 |
_c205890 _d205890 |
||